Luật khoáng sản và văn bản hướng dẫn thi hành

Uloženo v:
Podrobná bibliografie
Médium: Kniha
Jazyk:Undetermined
Vydáno: Hà Nội Chính Trị Quốc Gia 1999
Témata:
Tagy: Přidat tag
Žádné tagy, Buďte první, kdo otaguje tento záznam!
Thư viện lưu trữ: Trung tâm Học liệu Trường Đại học Cần Thơ
LEADER 00486nam a2200145Ia 4500
001 CTU_35337
008 210402s9999 xx 000 0 und d
082 |a 343.597077 
082 |b L504 
245 0 |a Luật khoáng sản và văn bản hướng dẫn thi hành 
260 |a Hà Nội 
260 |b Chính Trị Quốc Gia 
260 |c 1999 
650 |a mines and mineral resources,mining law,natural resources 
980 |a Trung tâm Học liệu Trường Đại học Cần Thơ